[Event "Brianza-ch 36th"]
[Site "Monza"]
[Date "2002.01.17"]
[Round "1"]
[White "Vincenti, Massimiliano"]
[Black "Zanellato, Lorenzo"]
[Result "0-1"]
[WhiteElo "1500"]
[BlackElo "1878"]
[PlyCount "64"]
[EventDate "2002.03.07"]
[EventType "swiss"]
[EventRounds "8"]
[EventCountry "ITA"]
[SourceTitle "EXT 2007"]
[Source "ChessBase"]
[SourceDate "2006.11.23"]
[SourceVersion "1"]
[SourceVersionDate "2006.11.23"]
[SourceQuality "1"]

1. e4 c5 2. c3 d5 3. exd5 Qxd5 4. d4 Nf6 5. Be3 cxd4 6. cxd4 e5 7. Nc3 Bb4 8. a3 Bxc3+ 9. bxc3 exd4 10. cxd4 0-0 11. Nf3 Ng4 12. Bg5 Nc6 13. h4 h6 14. Bf4 Qe4+ 15. Be3 Nxe3 16. fxe3 Qxe3+ 17. Be2 Bg4 18. Qd3 Qxd3 19. Bxd3 Bxf3 20. gxf3 Nxd4 21. Be4 Rae8 22. Kf2 Re7 23. Rae1 Rc7 24. Re3 Rfc8 25. Rd1 Ne6 26. Rb1 b6 27. Reb3 Nc5 28. Bf5 Nxb3 29. Bxc8 Rxc8 30. Rxb3 Kf8 31. Re3 Rc4 32. Ke2 Rxh4 0-1